01060nam a2200181Ia 4500001001100000003001000011008004100021040002500062041001200087100002600099245002900125250001100154260005600165500026000221501011400481520026000595650002300855A870-35427IT-CnALBA170116s9999||||xx |||||||||||||| ||und|| aIT-CnALBAcIT-CnALBA aLATINO  aCICERONE MARCO TULLIO 0aDE OFFICIIS LIBRI TRES.  a1a ed. a VENETIISbBAPTISTA DE TORTIS c1481 [1° Ed.:1481] aMUTILO DI FRONTESPIZIO. COMMENTO DI PIETRO MURSI. DEDICA AL CARDINALE GONZAGA DI MANTOVA. TESTO E COMMENTO LATINO. CON BREVI SPIEGAZIONI MANOSCRITTE IN MARGINE. POESIA DEDICATORIA A FEDERICO GONZAGA IN FINE VOLUME. TRE LIBRI SUI DOVERI. QUASI UN MANOSCRIT aSocietà San Paolo EM - Piazza San Paolo, 14 - 12051 ALBA (CN) (non commercial uses only) ® Copyright 2017 aMUTILO DI FRONTESPIZIO. COMMENTO DI PIETRO MURSI. DEDICA AL CARDINALE GONZAGA DI MANTOVA. TESTO E COMMENTO LATINO. CON BREVI SPIEGAZIONI MANOSCRITTE IN MARGINE. POESIA DEDICATORIA A FEDERICO GONZAGA IN FINE VOLUME. TRE LIBRI SUI DOVERI. QUASI UN MANOSCRIT aLETTERATURA LATINA